Most populated countries by flag - Statistics

General Stats
  • This quiz has been taken 21 times
  • The average score is 14 of 16
Answer Stats
Picture Answer % Correct
Brazil
100%
China
100%
India
100%
Japan
100%
Russia
100%
USA
100%
Bangladesh
92%
Indonesia
92%
Mexico
92%
Pakistan
92%
Vietnam
92%
Egypt
77%
Nigeria
77%
Drc
62%
Ethiopia
62%
Philippines
62%
No matching quizzes found
Score Distribution
Percent of People with Each Score
Percentile by Number Answered
Your Score History
You have not taken this quiz